Handbook of strategies for the isolation of bioactive natural products / (Registro nro. 8564)

Detalles MARC
000 -CABECERA
Campo de control 01099nam a2200277 a 4500
005 - FECHA Y HORA DE LA ULTIMA TRANSACCION
Campo de control 20140725152518.0
008 - ELEMENTOS DE LONGITUD FIJA—INFORMACION GENERAL
Campo de control 120229s2008 ck ab gr 00010dspa d
015 ## - NATIONAL BIBLIOGRAPHY NUMBER
National bibliography number ck-2008-xxxx
020 ## - ISBN
ISBN 9789586982108
041 0# - IDIOMA
Código de idioma para texto/pista de sonido o título separado Español
-- Inglés
082 04 - NUMERO DE CLASIFICACION DECIMAL DEWEY
Número de clasificación 615.321
Número del ítem M15a2
242 ## - TRADUCCION DEL TITULO POR LA AGENCIA CATALOGADORA
Título Manual de estrategias para aislamiento de productos naturales bioactivos =
245 00 - MENCION DE TITULO
Título Handbook of strategies for the isolation of bioactive natural products /
Mención de responsabilidad por Kurt Hostettmann ... [et al.] ; editor Mahabir P. Gupta ; traducción Olga Lucía Mutis de Serna.
260 ## - PUBLICACION, DISTRIBUCION, ETC. (PIE DE IMPRENTA)
Lugar de publicación, distribución, etc. Bogotá
Nombre del editor, distribuidor, etc. CYTED :
-- Convenio Andrés Bello,
Fecha de publicación, distribución, etc. 2008.
300 ## - DESCRIPCION FISICA
Extensión 114 y 120 p. :
Otros detalles físicos il., mapas ;
Dimensiones 24 cm.
504 ## - NOTA DE BIBLIOGRAFIA, ETC.
Nota de bibliografía Incluye referencias bibliográficas
546 ## - NOTA DE IDIOMA
Nota de idioma Textos en español e inglés.
650 ## - ASIENTO SECUNDARIO DE MATERIA - TERMINO TEMATICO
Término temático o nombre geográfico como elemento de entrada Plantas medicinales.
650 ## - ASIENTO SECUNDARIO DE MATERIA - TERMINO TEMATICO
Término temático o nombre geográfico como elemento de entrada Botánica médica.
650 #4 - ASIENTO SECUNDARIO DE MATERIA - TERMINO TEMATICO
Término temático o nombre geográfico como elemento de entrada Naturalismo.
650 ## - ASIENTO SECUNDARIO DE MATERIA - TERMINO TEMATICO
Término temático o nombre geográfico como elemento de entrada Extractos vegetales.
700 1# - ASIENTO SECUNDARIO - NOMBRE PERSONAL
Nombre personal Hostettmann, Kurt.
700 1# - ASIENTO SECUNDARIO - NOMBRE PERSONAL
Nombre personal Gupta, Mahabir P.,
Término de relación ed.
700 1# - ASIENTO SECUNDARIO - NOMBRE PERSONAL
Nombre personal Mutis de Serna, Olga Lucía,
Término de relación tr.
942 ## - ELEMENTOS ADICIONALES (KOHA)
Sistema de clasificación Dewey Decimal Classification
Tipo de ítem Libro
Existencias
Withdrawn status Lost status Sistema de Clasificación Damaged status No para préstamo Colección Inventariado Ubicación Permanente Ubicación actual Fecha de adquisición Fuente de Valor Valor Total Checkouts Número topográfico Inventario / Código de Barras Date last seen Ejemplar Price effective from Forma de adquisición Tipo de material
    Dewey Decimal Classification     General Inventariado 2017 Sala Fabio Quevedo Sala Fabio Quevedo 25/07/2014 Instituto 39000.00   LB-615.321 M15a2 038211 25/07/2014 Ej. 1 25/07/2014   Libro